[Event "Crema op 12th"]
[Site "Crema "]
[Date "2010.09.05"]
[Round "2"]
[White "Acunzo, Domenico"]
[Black "Stradiotti, Maurizio"]
[Result "1-0"]
[WhiteElo "1802"]
[BlackElo "1686"]
[PlyCount "55"]
[EventDate "2010.09.05"]
[EventType "swiss"]
[EventRounds "6"]
[EventCountry "ITA"]
[SourceTitle "EXT 2012"]
[Source "ChessBase"]
[SourceDate "2011.11.24"]
[SourceVersion "1"]
[SourceVersionDate "2011.11.24"]
[SourceQuality "1"]

1. e4 c6 2. d4 e6 3. Nf3 d5 4. exd5 cxd5 5. Bd3 Nc6 6. c3 Bd6 7. 0-0 Qc7 8. Re1 Nf6 9. h3 Bd7 10. a3 0-0 11. Nbd2 Rae8 12. Nf1 e5 13. dxe5 Nxe5 14. Bg5 Nxf3+ 15. Qxf3 Ne4 16. Be3 f5 17. Rac1 Rf6 18. c4 f4 19. Bd4 Rg6 20. cxd5 Ng5 21. Rxe8+ Bxe8 22. Qd1 Nxh3+ 23. Kh1 Rh6 24. Rxc7 Nxf2+ 25. Kg1 Nxd1 26. Rxg7+ Kf8 27. Rxb7 Bg6 28. Bg7+ 1-0

[Event "Rivarolo Mantovano Weekend 5th"]
[Site "Rivarolo Mantovano"]
[Date "2007.10.14"]
[Round "4"]
[White "Brugaletta, Giorgio"]
[Black "Stradiotti, Maurizio"]
[Result "0-1"]
[WhiteElo "1518"]
[BlackElo "1668"]
[PlyCount "72"]
[EventDate "2007.10.12"]
[EventType "swiss"]
[EventRounds "5"]
[EventCountry "ITA"]
[SourceTitle "EXT 2010"]
[Source "ChessBase"]
[SourceDate "2010.11.25"]
[SourceVersion "1"]
[SourceVersionDate "2010.11.25"]
[SourceQuality "1"]

1. d4 e6 2. e4 d5 3. e5 c5 4. c3 Nc6 5. Nf3 Qb6 6. Be2 Nge7 7. 0-0 cxd4 8. cxd4 Nf5 9. Be3 Qxb2 10. Nbd2 Nfxd4 11. Kh1 Nxe2 12. Qxe2 Qb4 13. Nb3 Qe4 14. Qd2 Bb4 15. Qd1 Qg4 16. Rc1 0-0 17. Nbd4 Nxd4 18. Bxd4 Bd7 19. Qb3 Bd2 20. Nxd2 Qxd4 21. Nf3 Qb6 22. Qc3 Rac8 23. Qd2 h6 24. Rb1 Qa6 25. Rfe1 Rc7 26. Rb4 Rc4 27. Rbb1 Rfc8 28. h3 Rc2 29. Qf4 Rxf2 30. g4 Rc3 31. g5 Rcxf3 32. Qg4 Rf1+ 33. Rxf1 Rxf1+ 34. Kg2 Qxa2+ 35. Kxf1 Qxb1+ 36. Kg2 Qe4+ 0-1